40 Most Famous Cities in Belgium on a Map - Statistics

General Stats
  • This quiz has been taken 226 times
  • The average score is 21 of 42
Answers on the Map
Answers color-coded by a green-red scale on the quiz's map according to % correct below.
 
Answer Stats
Wiki Monthly Views Cityquiz Mention Rate Population Answers % Correct
168.09K 30.16% 544.76K Antwerp
99%
244.83K 57.02% 1249.60K Brussels
98%
96.42K 19.90% 269.60K Ghent
95%
137.00K 22.09% 119.87K Bruges
93%
71.02K 18.15% 195.78K Liège
93%
31.14K 8.23% 204.32K Charleroi
87%
29.94K 5.92% 114.14K Namur
81%
49.31K 4.83% 104.01K Leuven
75%
31.06K 5.24% 72.59K Ostend
73%
19.27K 6.02% 96.36K Mons
71%
16.23K 7.84% 67.88K Genk
69%
25.62K 2.67% 89.31K Mechelen
63%
19.03K 3.01% 80.03K Kortrijk
61%
18.48K 2.46% 80.83K Hasselt
55%
35.20K 3.70% 35.55K Ypres
54%
10.54K 2.01% 31.31K Arlon
48%
11.32K 1.20% 91.00K Aalst
47%
14.78K 2.44% 20.09K Eupen
46%
8.47K 1.05% 81.86K Sint-Niklaas
46%
20.28K 1.55% 68.55K Tournai
45%
7.37K 0.75% 32.51K Knokke-Heist
43%
18.01K 3.14% 16.92K Bastogne
41%
7.86K 1.19% 59.99K Mouscron
41%
30.29K 1.80% 30.60K Waterloo
41%
10.98K 0.61% 81.24K La Louvière
38%
6.60K 1.02% 47.31K Turnhout
35%
8.89K 0.81% 55.77K Verviers
35%
9.53K 1.68% 12.95K Malmedy
34%
18.80K 3.89% 9.81K Spa
34%
19.46K 0.86% 3.00K Baarle-Hertog
32%
16.17K 1.43% 13.33K Dinant
32%
6.62K 0.73% 66.26K Roeselare
32%
8.15K 0.74% 41.47K Sint-Truiden
31%
8.38K 1.46% 4.30K Zeebrugge
30%
9.01K 0.51% 32.14K Tongeren
25%
9.43K 0.61% 11.51K Durbuy
24%
7.27K 0.46% 38.21K Lier
24%
8.26K 1.15% 21.71K Huy
21%
9.38K 0.53% 19.43K Boom
18%
6.93K 0.46% 32.70K Oudenaarde
17%
9.27K 0.46% 10.71K Louvain-la-Neuve
16%
7.75K 0.35% 16.97K Bree
15%
No matching quizzes found
Score Distribution
Percent of People with Each Score
Percentile by Number Answered
Your Score History
You have not taken this quiz